MARC보기
LDR00000nam c2200205 k 4500
001000000341276
00520260414112633
007ta
008260407s2019 ulkad r 001a kor
020 ▼a 9791163281122 ▼g 93330 : ▼c \24000
040 ▼a 248032 ▼c 248032 ▼d 248032
0490 ▼l EM111892 ▼l EM111893 ▼c 2
056 ▼a 338.15 ▼2 4
090 ▼a 338.15 ▼b 최65ㅅ
24520 ▼a (New) 사회복지행정론 = ▼x Social Welfare Administration / ▼d 최용민, ▼e 김태량, ▼e 김경희, ▼e 이종모 공저
250 ▼a 초판
260 ▼a 서울 : ▼b 동문사, ▼c 2019
300 ▼a 374 p. : ▼b 삽화, 표 ; ▼c 26 cm
504 ▼a 참고문헌(p. 363-369) 및 색인(p. 371-374) 수록
653 ▼a 사회복지행정 ▼a 사회복지조직 ▼a 사회복지서비스
7001 ▼a 최용민, ▼e 저
7001 ▼a 김태량, ▼e 공저
7001 ▼a 김경희, ▼e 공저
7001 ▼a 이종모, ▼e 공저
9500 ▼b \24000
990 ▼a 관리자2 ▼b 관리자2